000 00730nam a2200205 i 4500
001 113804
003 ES-MaACL
005 20250701063142.0
007 t|
008 061121m19091912sp cf r ||||1|bspa d
080 _a929 Nombela, Julio
100 1 _aNombela, Julio,
_d1836-1919
_985930
245 1 0 _aImpresiones y recuerdos /
_cde Julio Nombela.
260 _aMadrid :
_bLa Ăšltima Moda,
_c1909-12.
300 _a4 v. :
_b1 retr. del autor ;
_c19 cm.
505 8 _aContiene: v. 1. 1836 a 1854 (VII, 367 p.) -- v. 2. 1854 a 1860 (446 p.) -- v. 3. 1860 a 1873 (462 p.) -- v.4 1873 a 1912 (451 p.)
600 1 7 _aNombela, Julio,
_d1836-1919
_2embne
_985930
852 _aES-MaACL
_jG-1971-74
999 _c113804
_d113804